| 000 | 01194nam0a2200289 4500 | ||
|---|---|---|---|
| 001 | RU\NLR\bibl\875246 | ||
| 005 | 20260405085927.0 | ||
| 010 |
_a5-98544-007-9 _91000 |
||
| 021 |
_aRU _b2005-68568 _93379 |
||
| 035 | _a(NLR Aleph) 000863849 | ||
| 090 |
_a1556738 _c1556738 |
||
| 100 | _a20051121d2005 |||y0rusy50 ca | ||
| 101 | 0 | _arus | |
| 102 | _aRU | ||
| 105 | _aa ||||||||| | ||
| 200 | 1 |
_aНа страже северного неба _e[сборник _fредкол.: ген.-майор А.С. Иванов (пред.) и др.] |
|
| 210 |
_aМосква _cМиратос _d2005 |
||
| 215 |
_a653 с. _cил. _d21 |
||
| 601 | 0 | 2 |
_aОтдельная армия противовоздушной обороны _c10 _jСборники _xИстория _92405339 _3RU\NLR\auth\661433526 |
| 686 | _aЦ64,6(2)0-13я43 | ||
| 702 | 1 |
_4340 _7ca _8rus _aИванов _bА. С. _cгенерал-майор _f1935- _gАлександр Сергеевич _914767 _3RU\NLR\auth\7731757 |
|
| 801 | 0 |
_aRU _bNLR _c20051121 _grcr |
|
| 801 | 1 |
_aRU _bNLR _c20051121 |
|
| 942 | _cBOOK | ||
| 980 | _aNB | ||